Chemistry : (Record no. 127389)

MARC details
000 -LEADER
fixed length control field 00813nam a2200253 a 4500
008 - FIXED-LENGTH DATA ELEMENTS--GENERAL INFORMATION
fixed length control field
020 ## - INTERNATIONAL STANDARD BOOK NUMBER
International Standard Book Number 0030733332 (hbk.)
049 ## - LOCAL HOLDINGS (OCLC)
Holding library MAIN
090 ## - LOCALLY ASSIGNED LC-TYPE CALL NUMBER (OCLC); LOCAL CALL NUMBER (RLIN)
Classification number (OCLC) (R) ; Classification number, CALL (RLIN) (NR) QD33
Local cutter number (OCLC) ; Book number/undivided call number, CALL (RLIN) REG
003 - CONTROL NUMBER IDENTIFIER
control field
005 - DATE AND TIME OF LATEST TRANSACTION
control field 20230123122057.0
040 ## - CATALOGING SOURCE
Transcribing agency NUST
100 1# - MAIN ENTRY--PERSONAL NAME
Personal name Reger, Daniel L.
245 10 - TITLE STATEMENT
Title Chemistry :
Remainder of title principles & practice /
Statement of responsibility, etc. Daniel L. Reger, Scott R. Goode [and] Edward E. Mercer ; illustrated by George V. Kelvin.
260 ## - PUBLICATION, DISTRIBUTION, ETC.
Place of publication, distribution, etc. Fort Worth :
Name of publisher, distributor, etc. Saunders College Pub.,
Date of publication, distribution, etc. c1993.
300 ## - PHYSICAL DESCRIPTION
Extent xxxi, 952 [86] p.
Other physical details ill. (some col.) ;
Dimensions 26 cm.
490 0# - SERIES STATEMENT
Series statement Saunders golden sunburst series
500 ## - GENERAL NOTE
General note Includes index.
650 #0 - SUBJECT ADDED ENTRY--TOPICAL TERM
Topical term or geographic name entry element Chemistry.
700 1# - ADDED ENTRY--PERSONAL NAME
Personal name Goode, Scott R.
700 1# - ADDED ENTRY--PERSONAL NAME
Personal name Mercer, Edward E.
907 ## - LOCAL DATA ELEMENT G, LDG (RLIN)
a .b10343945
b 27-06-14
c 25-06-14
942 ## - ADDED ENTRY ELEMENTS (KOHA)
Koha item type Ordinary Loan Books
Call number prefix QD33
Call number suffix REG
Holdings
Date last seen Total Checkouts Full call number Barcode Cost, replacement price Price effective from Koha item type Lost status Source of classification or shelving scheme Damaged status Not for loan Collection Withdrawn status Home library Current library Shelving location Date acquired Cost, normal purchase price
01/23/2023 5 QD33 REG 92004035875 80.00 01/23/2023 BOOKS   LCC     NFIC   MAIN MAIN GEN 01/23/2023 80.00